Prieskum názorov lekárov na neobvyklé postupy v medicíne

Bibliographic Details
Main Author: Štec, Juraj (Author)
Format: Article
Language:Slovak
PhysicalDescription:Res. angl., nem., slov.
ISSN:1335-0234
Subjects:

MARC

LEADER 00000nab a2200000 a 4500
001 vtls000548537
003 SK-MaSNL
005 20260304085944.0
008 250425c1995 xo 0 slo
015 |a SNBRB19rr/mm-uuuuu 
035 |a CL0548675 
035 |a urn:nbn:sk:snk-abe3q 
035 |a (urnnbn)urn:nbn:sk:snk:ar-a055w1 
035 |a (uuid)e8821498-d523-4aa7-977e-adb85d464d46 
040 |a SNKBUCL  |b slo  |c SNKBUCL  |e AACR2 
041 0 |a slo 
044 |a xo  |c SK 
080 |a 614.253  |2 1981 
100 1 |a Štec, Juraj  |4 aut  |9 453024 
245 1 0 |a Prieskum názorov lekárov na neobvyklé postupy v medicíne  |c Juraj Štec 
300 |b Res. angl., nem., slov. 
650 0 7 |a medicína  |2 snkbucl  |9 899 
650 0 7 |a lekári  |2 snkbucl  |9 3195 
655 7 |a články z novín a časopisov  |2 snkbucl  |9 267496 
773 0 |t Slovenský lekár  |g Roč. 5 (19), č. 4 (1995), s. 23-26  |x 1335-0234 
850 |a Slovenská národná knižnica 
852 |a Slovenská národná knižnica 
954 |a odborná, vedecká literatúra pôvodná (slovenská)  |2 lita 
958 |a article27 
958 |a RK 
958 |a MI 
958 |a OND 
958 |a EUIPO 
992 |a RBX 
999 |c 2809813  |d 2811743